Normale Ansicht MARC-Ansicht ISBD

"Tod den Spionen!" : (Titelsatznr. 40902)

[ MARC ]
MARC-Details
000 -Satzkennung
Kontrollfeld mit fester Länge 00986nam a22002771c 4500
001 - Kontrollnummer
Kontrollfeld a987678779
008 - Feld mit fester Länge zur physischen Beschreibung - Allgemeine Angaben
Kontrollfeld mit fester Länge 170120s2006 gw |||| 000u ger d
020 ## - Internationale Standardbuchnummer
Internationale Standardbuchnummer 3899712862
Verknüpfung 3-89971-286-2
041 ## - Sprachcode
Sprachcode des Textes/der Tonspur oder des separaten Titels ger
040 ## - Katalogisierungsquelle
Übertragungsstelle RU-10907106
003 - Kontrollnummer Identifier
Kontrollfeld RU-10907106
100 1# - Haupteintragung - Personenname
Personenname Hilger, Andreas
Koha-Normdatenidentnummer 8468
245 00 - Titel
Titel "Tod den Spionen!" :
Zusatz zum Titel Todesurteile sowjetischer Gerichte in der SBZ/DDR und in der Sowjetunion bis 1953 /
Verfasserangabe etc. Andreas Hilger (Hg.)
250 ## - Ausgabebezeichnung
Ausgabebezeichnung 1. Aufl.
264 ## - Produktion, Veröffentlichung, Distribution, Herstellung und Urheberrechtsvermerk
Herstellungs-, Veröffentlichungs- Vertriebs-, Erzeugungsort Göttingen :
Produzent, Herausgeber, Distributor, Hersteller V & R unipress,
Datum der Herstellung, der Veröffentlichung, des Vertriebs oder des Urheberschutzvermerks 2006
300 ## - Physische Beschreibung
Umfang 209 S. ; 240 mm x 165 mm
490 #0 - Gesamttitelangabe
Gesamttitelangabe Berichte und Studien / Hannah-Arendt-Institut für Totalitarismusforschung
Bandnummer/Folgebezeichnung 51
530 ## - Fußnote zu anderen erhältlichen Formen
Fußnote zu anderen erhältlichen Formen auch als Online-Ressource frei zugänglich
650 #0 - Nebeneintragung unter einem Schlagwort - Sachschlagwort
Sachschlagwort oder geografischer Name als Eintragungselement Rechtsgeschichte
Koha-Normdatenidentnummer 13496
650 #0 - Nebeneintragung unter einem Schlagwort - Sachschlagwort
Sachschlagwort oder geografischer Name als Eintragungselement Todesstrafe
Koha-Normdatenidentnummer 2257
650 #0 - Nebeneintragung unter einem Schlagwort - Sachschlagwort
Sachschlagwort oder geografischer Name als Eintragungselement Todesurteil
Koha-Normdatenidentnummer 14131
651 #0 - Nebeneintragung unter einem Schlagwort - Geografischer Name
Geografischer Name Deutschland <DDR>
651 #0 - Nebeneintragung unter einem Schlagwort - Geografischer Name
Geografischer Name Sowjetunion
Koha-Normdatenidentnummer 127
856 4# - Elektronische Adresse und Zugriff
URL <a href="http://nbn-resolving.de/urn/resolver.pl?urn=urn:nbn:de:bvb:12-bsb00046247-3">http://nbn-resolving.de/urn/resolver.pl?urn=urn:nbn:de:bvb:12-bsb00046247-3</a>
942 ## - Zusätzliche Felder (Koha)
Koha-Medientyp Monographien
Exemplare
Ausgeschieden Verloren Klassifikation oder Aufstellungssystematik Beschädigt Nicht entleihbar Heimatbibliothek Aufenthaltsbibliothek Aufstellungsort Erwerbungsdatum Inventarnummer Anzahl Verlängerungen Signatur Barcode Letzte Aktivität Letzte Ausleihe Preis gültig von Koha-Medientyp
    Andere/Generische Klassifikation     MWN Osteuropa MWN Osteuropa Lesesaal - 1 20/01/2017 17-00212 1 W 64 F g Hil E00401509E32CF7D 09/02/2022 24/01/2022 22/03/2021 Monographien